Biotechnology for beginners (Record no. 7906)
[ view plain ]
| 000 -LEADER | |
|---|---|
| fixed length control field | 00643nam a22002057a 4500 |
| 003 - CONTROL NUMBER IDENTIFIER | |
| control field | OSt |
| 005 - DATE AND TIME OF LATEST TRANSACTION | |
| control field | 20251007110810.0 |
| 008 - FIXED-LENGTH DATA ELEMENTS--GENERAL INFORMATION | |
| fixed length control field | 220728b ||||| |||| 00| 0 eng d |
| 020 ## - INTERNATIONAL STANDARD BOOK NUMBER | |
| International Standard Book Number | 9780128012246 |
| 040 ## - CATALOGING SOURCE | |
| Transcribing agency | DDC |
| 082 ## - DEWEY DECIMAL CLASSIFICATION NUMBER | |
| Classification number | 660.6 MOS 2006 |
| 100 ## - MAIN ENTRY--PERSONAL NAME | |
| Personal name | Renneberg, Reinhard; Viola, Berkling; Vanya ,Loroch |
| 9 (RLIN) | 16060 |
| 245 ## - TITLE STATEMENT | |
| Title | Biotechnology for beginners |
| 250 ## - EDITION STATEMENT | |
| Edition statement | Second edition |
| 260 ## - PUBLICATION, DISTRIBUTION, ETC. (IMPRINT) | |
| Place of publication, distribution, etc. | Singapore : |
| Name of publisher, distributor, etc. | Academic Press; |
| Date of publication, distribution, etc. | ©2017 |
| 300 ## - PHYSICAL DESCRIPTION | |
| Extent | xxviii, 425 pages : |
| Other physical details | color illustrations (some color) ; |
| Dimensions | 28 cm |
| 504 ## - BIBLIOGRAPHY, ETC. NOTE | |
| Bibliography, etc | Includes bibliographical references, & index. |
| 650 ## - SUBJECT ADDED ENTRY--TOPICAL TERM | |
| Topical term or geographic name as entry element | Biotechnology. |
| 9 (RLIN) | 4840 |
| 942 ## - ADDED ENTRY ELEMENTS (KOHA) | |
| Source of classification or shelving scheme | Dewey Decimal Classification |
| Koha item type | Book |
| Withdrawn status | Lost status | Source of classification or shelving scheme | Damaged status | Not for loan | Home library | Current library | Date acquired | Source of acquisition | Inventory number | Total Checkouts | Full call number | Barcode | Date last seen | Price effective from | Koha item type |
|---|---|---|---|---|---|---|---|---|---|---|---|---|---|---|---|
| Dewey Decimal Classification | Main Kihumuro Campus | MUST Main Library | 28/07/2022 | Purchase | 22/41811 | 511.3 MOS 2006 | 2022-0690 | 28/07/2022 | 28/07/2022 | Book | |||||
| Dewey Decimal Classification | Main Kihumuro Campus | MUST Main Library | 28/07/2022 | Purchase | 22/41813 | 511.3 MOS 2006 | 2022-0691 | 28/07/2022 | 28/07/2022 | Book | |||||
| Dewey Decimal Classification | Main Kihumuro Campus | MUST Main Library | 28/07/2022 | Purchase | 22/41810 | 511.3 MOS 2006 | 2022-0700 | 28/07/2022 | 28/07/2022 | Book | |||||
| Dewey Decimal Classification | Main Kihumuro Campus | MUST Main Library | 28/07/2022 | Purchase | 22/41814 | 511.3 MOS 2006 | 2022-0701 | 28/07/2022 | 28/07/2022 | Book | |||||
| Dewey Decimal Classification | Main Kihumuro Campus | MUST Main Library | 28/07/2022 | Purchase | 22/41812 | 511.3 MOS 2006 | 2022-0702 | 28/07/2022 | 28/07/2022 | Book |
